Quick Pick: Magazines in Movie Titles Quiz Stats

 Plays Quiz not verified by Sporcle

Support Sporcle.
Go Orange.
Score 0/13 Timer 01:00
0 Plays Today
% Correct
Parents
97.9%
More
95.8%
Smithsonian
95.4%
Country
95%
Jet
94.2%
Time
94.2%
Self
92.5%
People
90.8%
Fortune
90.4%
Shape
87.9%
Money
86.3%
Glamour
77.9%
Forbes
72.5%

You're not logged in!

Compare scores with friends on all Sporcle quizzes.
OR
Log In

From the Vault

Who's on the Phone?

by Hejman

Can't these guys send a text or something?
Remove Ads.
Support Sporcle.
Get the best of Sporcle when you Go Orange. This ad-free experience offers more features, more stats, and more fun while also helping to support Sporcle. Thank you for becoming a member.

Show Comments

Extras

Top Quizzes Today


Score Distribution

Your Account Isn't Verified!

In order to create a playlist on Sporcle, you need to verify the email address you used during registration. Go to your Sporcle Settings to finish the process.

Report this User

Report this user for behavior that violates our Community Guidelines.

Details: